000 00879nam a2200253Ia 4500
003 OSt
005 20220923211541.0
006 a|||||r|||| 00| 0
007 ta
008 Pun
020 _a9789383338528 (hbk)
_c160
024 _a290,199
037 _b1017, 09/03/2016, H.K. Prakashan
_cTextual
040 _aARTS
_cARTS
_bPun
041 _2Pun
_aPun
082 _aO153,3:g, Q6
100 _aਸੰਧੂ, ਇਕਬਾਲ ਸਿੰਘ
_9156315
245 0 _aਪਰਵਾਸੀ ਪੰਜਾਬੀ ਕਹਾਣੀ
_b ਇਕ ਅਧਿਐਨ
260 _aਚੰਡੀਗੜ੍ਹ
_b ਸਪਤਰਿFੀ ਪਬਲੀਕੇFਨਗ਼
_c2016
300 _a103ਪੰ
_ccm.
650 _aਪੰਜਾਬੀ ਸਾਹਿਤ
942 _hO153,3:g, Q6
_cTEXL
_2CC
999 _c300687
_d300687